[Event "Belgrade Spring Open 2021"]
[Site "Belgrade"]
[Date "2021.04.07"]
[Round "7.4"]
[White "Potpara, Nikola"]
[Black "Velickovic, Sasa"]
[Result "1-0"]
[WhiteElo "2370"]
[BlackElo "2274"]
[Annotator "TA"]
[PlyCount "101"]
[EventDate "2021.04.02"]
[EventType "swiss"]
[EventCountry "SRB"]
[SourceTitle "playchess.com"]
[Source "ChessBase"]
[SourceQuality "1"]

{[%evp 10,101,33,30,57,52,76,70,76,79,83,55,78,75,61,68,71,57,48,52,112,53,73,64,78,76,77,90,97,80,83,100,126,129,155,141,159,133,150,149,173,160,164,160,159,118,190,199,192,165,295,208,211,175,176,198,264,209,207,180,184,125,173,75,168,182,276,268,221,65,172,84,127,64,144,141,264,181,164,172,340,389,371,350,485,385,377,399,394,389,483,492,627,634]} 1. d4 Nf6 2. Bf4 c5 3. d5 d6 4. Nc3 g6 5. e4 Bg7 6. Nf3 Bg4 {A43: Schmid Benoni.} 7. Be2 Bxf3 8. Bxf3 Nbd7 {White is slightly better.} 9. O-O O-O 10. Qd2 Re8 {[#]} 11. Rfe1 $146 ({Predecessor:} 11. a4 a6 12. a5 b5 13. axb6 Nxb6 14. Qe2 Nfd7 15. Rxa6 Rxa6 16. Qxa6 Ne5 17. Be2 {1-0 (32) Tsuboi,E (2334)-Correa Fo,S (2053) Americana 2000}) 11... a6 12. a4 Qc7 13. h3 Rab8 14. g4 Nb6 (14... b5 $14) 15. b3 (15. Be2 $16) 15... Nfd7 16. Be2 Nf8 17. a5 Nbd7 18. Ra4 Ra8 19. Nd1 Rad8 20. Ne3 Ra8 21. Bg3 Red8 22. g5 h5 23. h4 Rdb8 24. Kg2 Qc8 25. Rf1 b5 26. axb6 Nxb6 27. Ra2 Ra7 (27... Bd4 $16 28. Ra5 Qc7 29. Rxa6 (29. Bxa6 Ra7 $14) 29... Rxa6 30. Bxa6 Ra8) 28. f4 $18 Nfd7 29. c3 Na8 (29... a5 $142 30. e5 dxe5) 30. Bd1 Nab6 31. e5 dxe5 32. f5 Nf8 (32... a5 $142 33. fxg6 fxg6) 33. Qf2 Qe8 34. Bc2 {[%mdl 1024] White has strong compensation.} a5 35. Rfa1 (35. Qf3 $18) 35... Rba8 36. Be4 (36. Qe2 $18) 36... Nfd7 (36... Nc8 $16 {might work better.}) 37. Qc2 {[%cal Rf5g6]} Kh7 (37... Nf8 $142 38. d6 exd6) 38. Qd1 {[#] aiming for fxg6+.} Kg8 39. Qd3 $2 (39. d6 $18) 39... Nf8 (39... c4 $1 $14 40. bxc4 (40. Nxc4 Nc5 $14) 40... Nc5) 40. c4 (40. fxg6 $18 Nxg6 41. Nf5) 40... a4 41. Qc3 ({Better is} 41. Qb1 $16) 41... Qb8 (41... Nc8 $1 $14) 42. b4 $36 {[%mdl 2048] White is in control.} Qd6 (42... cxb4 $16 43. Qxb4 Nc8 44. Qxb8 Rxb8) 43. bxc5 Qxc5 44. Bf2 Qa5 $2 {[#]} (44... Rc8 {was necessary.}) 45. Qxa5 $18 Rxa5 46. d6 R8a7 47. dxe7 Rxe7 48. f6 Bxf6 49. gxf6 Re6 50. Nd5 Nxd5 51. Bxd5 {Weighted Error Value: White=0.25/Black=0.41} 1-0

[Event "Belgrade Spring Open 2021"]
[Site "Belgrade"]
[Date "2021.04.07"]
[Round "7.5"]
[White "Pasti, Aron"]
[Black "Milosevic, Milos"]
[Result "0-1"]
[WhiteElo "2231"]
[BlackElo "2334"]
[Annotator "RC"]
[PlyCount "80"]
[EventDate "2021.04.02"]
[EventType "swiss"]
[EventCountry "SRB"]
[SourceTitle "playchess.com"]
[Source "ChessBase"]
[SourceQuality "1"]
[TimeControl "5400+30"]

1. e4 {[%emt 0:00:00]} e6 {[%emt 0:00:00]} 2. d4 {[%emt 0:00:00]} d5 {[%emt 0:00:00]} 3. Nc3 {[%emt 0:00:00]} Nf6 {[%emt 0:00:00]} 4. e5 {[%emt 0:05:27]} Nfd7 {[%emt 0:00:00]} 5. Nce2 {[%emt 0:00:07]} c5 {[%emt 0:00:00]} 6. c3 {[%emt 0:00:04]} Nc6 {[%emt 0:00:00]} 7. f4 {[%emt 0:00:06]} Be7 {[%emt 0:00:04]} 8. Nf3 {[%emt 0:00:11]} O-O {[%emt 0:00:04]} 9. g3 {[%emt 0:00:07]} b5 {[%emt 0:00:17]} 10. Bh3 {[%emt 0:03:12]} b4 {[%emt 0:00:04]} 11. O-O {[%emt 0:00:09]} bxc3 {[%emt 0:00:06]} 12. bxc3 {[%emt 0:00:03]} cxd4 {[%emt 0:00:06]} 13. cxd4 {[%emt 0:00:44]} Nb6 {[%emt 0:00:05]} 14. g4 {[%emt 0:02:28]} f6 {[%emt 0:00:04]} 15. exf6 {[%emt 0:01:56]} Rxf6 {[%emt 0:01:34]} 16. g5 {[%emt 0:01:38]} Rf8 {[%emt 0:00:06]} 17. Ng3 {[%emt 0:02:56]} Nc4 {[%emt 0:00:05]} 18. Qe2 {[%emt 0:14:44]} Kh8 {[%emt 0:00:48]} 19. Rd1 {[%emt 0:11:46]} Qb6 {[%emt 0:05:07]} 20. Nf1 {[%emt 0:21:07]} e5 {[%emt 0:19:58]} 21. Bxc8 {[%emt 0:09:00]} exd4 {[%emt 0:03:38]} 22. Qe6 {[%emt 0:09:54]} Raxc8 {[%emt 0:01:20]} 23. Qxd5 {[%emt 0:00:08]} Nb4 {[%emt 0:04:27]} 24. Qe4 {[%emt 0:00:32]} d3+ {[%emt 0:03:08]} 25. Kg2 {[%emt 0:00:11]} Nc2 {[%emt 0:05:18]} 26. Qxe7 {[%emt 0:05:00]} Nxa1 {[%emt 0:07:43]} 27. Rxd3 {[%emt 0:01:24]} Rce8 {[%emt 0:01:53]} 28. Qd7 {[%emt 0:00:05]} Nc2 {[%emt 0:18:00]} 29. Ng3 {[%emt 0:06:54]} Ne1+ {[%emt 0:18:26]} 30. Nxe1 {[%emt 0:00:08]} Rxe1 {[%emt 0:00:06]} 31. Bd2 {[%emt 0:03:21]} Qg1+ {[%emt 0:10:39]} 32. Kh3 {[%emt 0:00:22]} Nxd2 {[%emt 0:01:15]} 33. Rxd2 {[%emt 0:00:25]} Re3 {[%emt 0:00:45]} 34. Qb5 {[%emt 0:02:14]} Rf3 {[%emt 0:01:13]} 35. f5 {[%emt 0:00:32]} Qe3 {[%emt 0:00:34]} 36. Re2 {[%emt 0:00:33]} Qxg5 {[%emt 0:00:11]} 37. Kg2 {[%emt 0:00:29]} Rc3 {[%emt 0:00:43]} 38. Qb4 {[%emt 0:00:30]} Rcc8 {[%emt 0:00:10]} 39. Qd4 {[%emt 0:00:15]} Rc7 {[%emt 0:00:59]} 40. Re4 {[%emt 0:00:43]} Rc2+ {[%emt 0:00:23]} 0-1

[Event "Belgrade Spring Open 2021"]
[Site "Belgrade"]
[Date "2021.04.07"]
[Round "7.6"]
[White "Mitev, Valentin"]
[Black "Krasteva, Beloslava"]
[Result "1/2-1/2"]
[WhiteElo "2166"]
[BlackElo "2287"]
[Annotator "TA"]
[PlyCount "92"]
[EventDate "2021.04.02"]
[EventType "swiss"]
[EventCountry "SRB"]
[SourceTitle "playchess.com"]
[Source "ChessBase"]
[SourceQuality "1"]

{[%evp 9,92,0,0,0,13,0,0,-4,0,0,3,10,43,22,0,3,34,23,18,19,20,12,25,18,26,24,25,0,0,-19,-13,-83,0,-23,0,0,0,0,26,4,15,0,54,64,58,0,0,-7,-7,0,0,5,14,14,14,14,17,7,19,0,0,0,0,0,0,0,0,-16,0,0,0,0,0,0,0,0,0,0,0,0,0,0,0,0,0]} 1. Nf3 c5 2. c4 Nc6 3. Nc3 g6 4. g3 Bg7 5. Bg2 e6 6. h4 {A37: Symmetrical English vs ...g6: 4 Bg2 Bg7 5 Nf3.} h6 7. d4 cxd4 8. Nb5 {[%cal Rf3d4]} d5 9. cxd5 Qa5+ 10. Kf1 {[#] Strongly threatening Nd6+.} exd5 $146 (10... Qxb5 {with more complications.} 11. dxc6 Qxc6 12. Bf4 Ne7 13. h5 Qb6) ({Predecessor:} 10... Qxb5 11. dxc6 Qxc6 12. h5 gxh5 13. Rxh5 Qb6 14. a4 Bd7 15. a5 Qa6 16. Nxd4 Rd8 {½-½ (42) Christiansen,J (2207)-Hansen,T (2469) Fagernes 2014}) 11. Nfxd4 (11. Qb3 {keeps more tension.} Nge7 12. Nd6+ Kf8 13. Nxc8 Rxc8 14. Bh3) 11... Nxd4 12. Nxd4 Ne7 (12... Nf6 {feels hotter.} 13. Qb3 O-O 14. Bf4 Nh5 15. Rd1 Nxf4 16. gxf4 Bg4) 13. Be3 O-O 14. Nb3 Qa6 15. Bd4 Re8 16. Bxg7 Kxg7 17. Bf3 Bf5 18. g4 Be4 19. Qd4+ Kg8 20. Qe3 (20. Rh3 $11 {remains equal.}) 20... Rac8 ({Black should try} 20... Bxf3 $17 21. Qxf3 Rac8) 21. Nc5 {[#]} Rxc5 22. Bxe4 Qc6 23. Bf3 Nf5 24. Qd2 Rc2 {[%cal Bc5c2,Bc2b2,Bb2b4][%mdl 32]} 25. Qd3 Ng7 (25... Ne7 $11) 26. Bxd5 $14 Qc7 27. Re1 (27. e3 $14) 27... Ne6 $11 {And now ...Nf4 would win.The position is equal.} 28. Qe4 Re7 $36 {[%mdl 2048] Black has good play.} 29. e3 Rxb2 30. Kg2 Qa5 31. Rd1 Rb4 32. Qf3 {aiming for Qf6.} Qa4 33. Kg3 Nc5 34. Rb1 Ne4+ 35. Kh3 Nc3 36. Rxb4 Qxb4 37. Bb3 {Threatens to win with Qf6.} Kg7 38. Kg2 Qd6 39. g5 hxg5 40. hxg5 {White threatens Qh3 and mate.} Qe5 $1 41. Qh3 {[%csl Gh1][%cal Rh3h8]} Qxg5+ 42. Kf1 {[%csl Gh1][%cal Rh3h8]} Qb5+ 43. Kg1 {[%csl Gh1][%cal Rh3h8]} Qg5+ 44. Kf1 {[%csl Gh1][%cal Rh3h8]} Qb5+ 45. Kg1 {[%csl Gh1][%cal Rh3h8]} Qg5+ 46. Kf1 {[%csl Gh1][%cal Rh3h8]} Qb5+ {Weighted Error Value: White=0.10/Black=0.07} 1/2-1/2

[Event "Belgrade Spring Open 2021"]
[Site "Belgrade"]
[Date "2021.04.07"]
[Round "7.7"]
[White "Masic, Predrag"]
[Black "Thybo, Jesper Sondergaard"]
[Result "1/2-1/2"]
[WhiteElo "2263"]
[BlackElo "2568"]
[Annotator "TA"]
[PlyCount "92"]
[EventDate "2021.04.02"]
[EventType "swiss"]
[EventCountry "SRB"]
[SourceTitle "playchess.com"]
[Source "ChessBase"]
[SourceQuality "1"]

{[%evp 17,92,0,0,-6,0,10,0,0,0,-1,70,67,66,61,83,-2,-2,-2,-2,-9,-5,-10,-2,-6,0,0,40,34,39,37,40,34,39,37,40,7,26,9,23,16,72,0,0,0,0,0,0,0,0,0,0,0,0,0,0,0,0,0,0,0,0,0,40,0,33,0,0,0,0,0,0,0,0,0,6,0,0]} 1. e4 c6 2. d4 d5 3. exd5 cxd5 4. Bd3 Nc6 5. c3 Qc7 6. Nf3 Bg4 7. Nbd2 Nf6 8. O-O e6 9. Re1 Bd6 10. Nf1 {B13: Caro-Kann: Exchange Variation and Panov-Botvinnik Attack.} O-O-O 11. Bd2 Kb8 {[#]} 12. h3 $146 ({Predecessor:} 12. b4 h6 13. a4 Ne7 14. Be2 Ne4 15. Qc1 Rc8 16. Ra3 g5 17. Qb2 Ng6 18. h3 Bxf3 19. Bxf3 {0-1 (32) Goodhue,N (2127)-Johansen,D (2519) Auckland 2004}) 12... Bh5 13. Ng3 Bxg3 (13... Bg6 $11 14. Bg5 Rc8) 14. fxg3 $14 Qxg3 {[#]} 15. Qc1 $1 {And now Bf4+ would win.} e5 16. Nxe5 (16. Re3 $16 {[%cal Rf3e5]} exd4 17. Re8 $1) 16... Nxe5 $11 17. dxe5 {aiming for Re3.} Qxd3 18. exf6 gxf6 19. Bf4+ Ka8 20. Qd2 Qb5 21. a4 Qa6 22. Qd4 Rhg8 23. Kh2 Bg6 24. Rad1 $1 Qc4 25. Qxc4 dxc4 26. Rxd8+ Rxd8 $14 {[%mdl 4096] Endgame KRB-KRB} 27. Bc7 Rc8 {[#]} 28. a5 $1 b6 {[#]} (28... Bf5 $11 {keeps the balance.} 29. Re7 Be6) 29. axb6 (29. a6 $1 $16) 29... Kb7 $11 30. Re7 axb6 31. Be5+ Kc6 32. Bxf6 Ra8 33. Bd4 Ra2 34. Re2 Bd3 35. Rf2 b5 36. g4 Kd5 37. Bg7 Ra7 38. Kg3 Re7 39. Bf8 Ra7 40. Ba3 Ke6 41. Rf4 f5 {The position is equal.} 42. Rd4 fxg4 43. hxg4 Ke5 44. Bd6+ Ke6 45. Ba3 Rg7 46. Kh4 Rd7 {Weighted Error Value: White=0.10/Black=0.11} 1/2-1/2

[Event "Belgrade Spring Open 2021"]
[Site "Belgrade"]
[Date "2021.04.07"]
[Round "7.8"]
[White "Kazakouski, Valery"]
[Black "Ozsakallioglu, Okan"]
[Result "1-0"]
[WhiteElo "2476"]
[BlackElo "2249"]
[Annotator "TA"]
[PlyCount "45"]
[EventDate "2021.04.02"]
[EventType "swiss"]
[EventCountry "SRB"]
[SourceTitle "playchess.com"]
[Source "ChessBase"]
[SourceQuality "1"]

{[%evp 21,45,-6,14,-2,190,190,197,200,202,198,193,197,191,200,217,179,294,299,308,287,444,422,472,474,500,471]} 1. Nf3 {Krasenkow,M} Nf6 2. c4 e6 3. g3 b6 4. Bg2 Bb7 5. O-O Be7 6. b3 O-O 7. Bb2 c5 8. Nc3 d5 9. e3 dxc4 10. bxc4 Nc6 {[%cal Bb8c6,Bc6e5,Be5d3][%mdl 32]} 11. Qe2 Rc8 12. Rad1 {[#] A14: English Opening: 1...e6 with b3 by White.} e5 $146 {[#]} (12... Rc7 $11 {and Black is okay.}) ({Predecessor:} 12... Qc7 13. Ne1 Ne8 14. f4 Nd6 15. Nf3 a6 16. a4 f5 17. d3 Bf6 18. h3 Nb4 19. g4 g6 {1-0 (31) Artemiev,V (2709)-Nakamura,H (2749) Caleta 2019 CBM 188 Extra [Krasenkow,M]}) 13. Nxe5 $1 $18 {[%mdl 512]} Nxe5 14. Bxb7 {White is clearly better.} Rb8 15. Bg2 Qd3 16. Qxd3 Nxd3 17. Ba1 Rfd8 18. Nb5 Rd7 (18... a6 {is a better defense.}) 19. Bc6 {[#] aiming for Bxf6.} Rdd8 20. Nxa7 Bd6 (20... Ne8 $142 21. Bf3 Nb4) 21. f4 {White is clearly winning.} Bf8 22. a3 h6 23. Rb1 {Black did not feel at home in the position after the opening.  Weighted Error Value: White=0.05/Black=0.66} 1-0

[Event "Belgrade Spring Open 2021"]
[Site "Belgrade"]
[Date "2021.04.07"]
[Round "7.9"]
[White "Skare, Goran"]
[Black "Draskovic, Luka"]
[Result "1-0"]
[WhiteElo "2233"]
[BlackElo "2472"]
[Annotator "TA"]
[PlyCount "107"]
[EventDate "2021.04.02"]
[EventType "swiss"]
[EventCountry "SRB"]
[SourceTitle "playchess.com"]
[Source "ChessBase"]
[SourceQuality "1"]

{[%evp 13,107,11,8,-27,-17,-25,10,16,34,-16,-25,-69,-15,-18,21,16,37,-119,-112,-124,-127,-102,-82,-121,-126,-376,-360,-355,-327,-329,-136,-119,-124,-117,-123,-121,-114,-100,-102,-120,-87,-106,-53,-64,-68,-68,-68,-68,-60,-68,-68,-68,-60,-68,-66,-59,-62,-62,-59,-65,-66,-69,-45,-77,-82,-107,-87,-100,-88,-135,-133,-135,-150,-137,-122,-114,-118,-129,-117,-197,-197,-200,-195,-149,-97,-116,-104,-95,0,-76,-12,-13,-8,-8,609,587]} 1. d4 d6 2. c4 e5 3. Nf3 e4 4. Ng5 f5 5. Nc3 Be7 6. Nh3 Nf6 {6...Nf6 is better than 6...c6.} 7. g3 {7.Bg5 is vanishing.} c6 8. d5 {A21: English Opening: 1...e5 2 Nc3.} Nbd7 9. Bg2 Ne5 10. b3 {[#] The position is equal.} h5 $146 ({Predecessor:} 10... cxd5 11. Nxd5 Nxd5 12. Qxd5 Qb6 13. Bb2 Qb4+ 14. Kf1 Bd7 15. Nf4 Bc6 16. Qe6 Bd7 17. Qxe7+ Kxe7 {1-0 (63) Tang,A (2538)-Bortnyk,O (2598) chess.com INT 2020}) 11. f3 h4 12. Nf2 {[%cal Rf3e4]} Qa5 (12... cxd5 $15 13. Nxd5 Nxd5 14. Qxd5 exf3 15. exf3 Bd7) 13. Qd2 $11 exf3 14. exf3 f4 15. O-O $2 (15. gxf4 $14 {keeps the upper hand.} Ng6 16. Bb2) 15... fxg3 16. hxg3 hxg3 17. Nfe4 Bd7 18. Nxg3 Bd8 {Hoping for ...Bb6+.} 19. Re1 $2 (19. Nce4 $17 Bb6+ 20. c5 Bxc5+ 21. Nxc5 Qxc5+ 22. Rf2) 19... Bb6+ $19 20. Kf1 O-O 21. Na4 Qxd2 ({Weaker is} 21... cxd5 22. Nxb6 Qxb6 23. Bb2 $17) (21... Nfg4 $19 {is more deadly.} 22. Rxe5 Nxe5 23. Qxa5 Bxa5) 22. Bxd2 $17 Bd4 {And now ...Nxd5 would win.} 23. Bc3 {[#]} Bxc3 24. Nxc3 cxd5 25. Rad1 {White wants to play f4.} dxc4 26. Rxd6 Rae8 27. f4 Nf7 (27... Nfg4 $17 28. Bd5+ Kh8) 28. Rd4 Rxe1+ 29. Kxe1 cxb3 30. axb3 Rc8 31. Nd5 Nxd5 32. Bxd5 Bc6 33. Nf5 Re8+ 34. Kf2 Bxd5 35. Rxd5 $15 {[%mdl 4096] Endgame KRN-KRN} Rd8 36. Rc5 Nd6 {[#] ...Ne4+ is the strong threat.} 37. Ng3 Rc8 38. Rd5 Rc6 39. Rd3 Kf7 40. Kf3 Ke6 41. Ne2 {Strongly threatening Nd4+.} Nf5 42. Rd8 Rb6 43. Nc1 Rd6 44. Re8+ Kf6 45. Rf8+ Kg6 46. Rb8 (46. Rc8 $17) 46... Rd1 $19 47. Rc8 Rf1+ 48. Kg4 Rg1+ (48... Nd4 $142 49. Nd3 Rg1+ 50. Kh3 Ne2) 49. Kf3 $17 Re1 50. Kf2 Rd1 (50... Re7 $17) 51. Rc7 (51. Kf3 $1 $11 {keeps the balance.}) 51... Kh5 (51... Nd4 $17 {aiming for ...Ne6.} 52. Ne2 Rd2) 52. Ke2 $11 Rh1 53. Nd3 Kg4 $2 {[%mdl 8192]} (53... Rh2+ $11 54. Nf2 Rh4) 54. Nf2+ {[%mdl 64] Double Attack.  Weighted Error Value: White=0.25/Black=0.32} 1-0

[Event "Belgrade Spring Open 2021"]
[Site "Belgrade"]
[Date "2021.04.07"]
[Round "7.10"]
[White "Janjic, Stefan"]
[Black "Todorovic, Goran M"]
[Result "1/2-1/2"]
[WhiteElo "2176"]
[BlackElo "2406"]
[Annotator "RC"]
[PlyCount "65"]
[EventDate "2021.04.02"]
[EventType "swiss"]
[EventCountry "SRB"]
[SourceTitle "playchess.com"]
[Source "ChessBase"]
[SourceQuality "1"]
[TimeControl "5400+30"]

1. d4 {[%emt 0:00:00]} d5 {[%emt 0:00:00]} 2. c4 {[%emt 0:00:09]} e6 {[%emt 0:00:00]} 3. Nc3 {[%emt 0:00:09]} c5 {[%emt 0:01:34]} 4. cxd5 {[%emt 0:00:48]} exd5 {[%emt 0:00:06]} 5. Nf3 {[%emt 0:00:25]} Nc6 {[%emt 0:00:11]} 6. g3 {[%emt 0:00:11]} Nf6 {[%emt 0:00:11]} 7. Bg2 {[%emt 0:00:24]} Be7 {[%emt 0:00:23]} 8. O-O {[%emt 0:00:12]} O-O {[%emt 0:00:13]} 9. dxc5 {[%emt 0:00:21]} d4 {[%emt 0:04:07]} 10. Na4 {[%emt 0:00:04]} Bf5 {[%emt 0:00:07]} 11. b4 {[%emt 0:05:45]} Nxb4 {[%emt 0:12:52]} 12. Nxd4 {[%emt 0:00:57]} Be4 {[%emt 0:00:23]} 13. Bxe4 {[%emt 0:27:17]} Nxe4 {[%emt 0:02:24]} 14. Nf5 {[%emt 0:10:22]} Bf6 {[%emt 0:13:41]} 15. Qxd8 {[%emt 0:10:27]} Rfxd8 {[%emt 0:00:12]} 16. Rb1 {[%emt 0:00:40]} Na6 {[%emt 0:04:25]} 17. Rxb7 {[%emt 0:03:41]} Naxc5 {[%emt 0:00:44]} 18. Nxc5 {[%emt 0:00:22]} Nxc5 {[%emt 0:00:06]} 19. Rc7 {[%emt 0:01:39]} Ne4 {[%emt 0:06:39]} 20. Ne7+ {[%emt 0:06:53]} Kh8 {[%emt 0:11:44]} 21. Nc6 {[%emt 0:02:10]} Rdc8 {[%emt 0:00:06]} 22. Rxc8+ {[%emt 0:01:59]} Rxc8 {[%emt 0:00:02]} 23. Nxa7 {[%emt 0:00:24]} Rc2 {[%emt 0:00:14]} 24. Be3 {[%emt 0:02:31]} Nc3 {[%emt 0:04:51]} 25. a3 {[%emt 0:05:57]} h5 {[%emt 0:01:41]} 26. Kg2 {[%emt 0:02:16]} Rxe2 {[%emt 0:05:05]} 27. Nc6 {[%emt 0:02:17]} Ra2 {[%emt 0:07:05]} 28. Bd4 {[%emt 0:04:02]} Bxd4 {[%emt 0:00:38]} 29. Nxd4 {[%emt 0:00:04]} Rxa3 {[%emt 0:00:07]} 30. Rc1 {[%emt 0:00:47]} g6 {[%emt 0:00:26]} 31. h4 {[%emt 0:01:02]} Kg7 {[%emt 0:00:03]} 32. Rc2 {[%emt 0:00:36]} Ne4 {[%emt 0:00:16]} 33. Nf3 {[%emt 0:00:50]} 1/2-1/2

[Event "Belgrade Spring Open 2021"]
[Site "Belgrade"]
[Date "2021.04.08"]
[Round "8.1"]
[White "Potpara, Nikola"]
[Black "Martirosyan, Haik M."]
[Result "0-1"]
[WhiteElo "2370"]
[BlackElo "2620"]
[Annotator "TA"]
[PlyCount "93"]
[EventDate "2021.04.02"]
[EventType "swiss"]
[EventCountry "SRB"]
[SourceTitle "playchess.com"]
[Source "ChessBase"]
[SourceQuality "1"]

{[%evp 24,93,0,0,0,0,0,0,-6,0,0,0,0,0,23,12,66,59,65,0,31,0,12,12,13,0,25,17,12,-20,0,-38,-40,-33,-36,-29,-38,-36,-42,-96,-99,-92,-96,-129,-130,-141,-141,-141,-137,-134,-134,-131,-134,-127,-166,-160,-133,-137,-129,-220,-209,-202,-197,-229,-226,-234,-235,-220,-126,-241,-251,-6427]} 1. c4 e5 2. g3 Nf6 3. Bg2 d5 4. cxd5 Nxd5 5. Nc3 Nb6 6. Nf3 Nc6 7. O-O Be7 8. a3 O-O 9. b4 Be6 10. Rb1 f6 11. d3 a5 12. b5 Nd4 13. Nd2 Qc8 {A29: English Opening: Four Knights Variation with 4 g3.} 14. e3 Nf5 15. Qc2 Rd8 {The position is equal.} 16. Bb2 a4 17. Nce4 Qd7 18. Rfd1 {18.Rfc1 is vanishing.} Qxb5 {[#] is the legacy move (18...Nd5).} 19. Bd4 $1 {[#]} Qa6 $146 ({Black should play} 19... Qe8 $11 20. Bc5 Bd5) (19... Nxd4 20. exd4) ({Predecessor:} 19... Nxd4 20. exd4 Qa5 21. Qxc7 Nd7 22. Qxa5 Rxa5 23. Nc4 Rd5 24. Nc3 Rxd4 25. Nb5 Rg4 {½-½ (39) Forsloef,L (2473)-Zuev,D (2457) ICCF email 2013}) 20. Bc5 $1 $14 {[%cal Rc5e7] Strongly threatening Bxe7.} Nd6 ({Don't play} 20... Qxd3 21. Qxd3 Rxd3 22. Bxe7 $16) (20... Rxd3 $2 21. Bf1 $18) 21. Bb4 (21. d4 $14) 21... Nd7 22. d4 ({Not} 22. Qxc7 Rdc8 $1 $17) 22... exd4 23. exd4 Bf8 24. Re1 {Hoping for Nxd6.} ({Much worse is} 24. Qxc7 {[#]} Rdc8 $1 $15) 24... Bf7 25. Nxd6 cxd6 26. Qc7 Rab8 27. Ne4 {[%cal Re4d6]} (27. Qc2 {with more complications.} b5 28. Ne4 Bg6 29. Qa2+ Kh8 30. Qe6) 27... Rbc8 {[%cal Bb8c8,Bc8c4,Bc4d4,Bd4d3][%mdl 32]} 28. Qa5 Qxa5 29. Bxa5 b6 $1 $36 {[%cal Rb6a5][%mdl 2048] White is under pressure.} 30. Bb4 (30. Bxb6 $2 Nxb6 31. Rxb6 d5 $17) 30... Rc4 31. Bxd6 (31. Rbd1 $15) 31... Rxd4 $17 32. Bxf8 Kxf8 33. f4 Bb3 34. Rbc1 Re8 35. Nc3 Rxe1+ 36. Rxe1 Rd3 37. Rc1 Nc5 38. Ne4 Nxe4 39. Bxe4 {[%mdl 4096] Endgame KRB-KRB} Rd2 40. Rc8+ Ke7 41. Rb8 (41. Rc7+ $17 Rd7 42. Rc3) 41... Ra2 $19 42. Rxb6 Rxa3 43. Kf2 Ra2+ 44. Ke3 Rxh2 45. Kd4 h5 ({Black should try} 45... g6 $19 46. Rb7+ Ke6 47. Rb6+ Ke7 48. Rb7+ Ke6 49. Rb6+ Kf7 50. Rb7+ Kf8) 46. Kc5 (46. Rb7+ $17 Kf8 47. Rb8+ Kf7 48. Rb7+ Kf8 49. Rb8+ Ke7 50. Rb7+ Kf8) 46... Rd2 47. Kc6 $2 {Weighted Error Value: White=0.15/Black=0.10} (47. f5) 0-1

[Event "Belgrade Spring Open 2021"]
[Site "Belgrade"]
[Date "2021.04.08"]
[Round "8.2"]
[White "Sargsyan, Shant"]
[Black "Kamer, Kayra"]
[Result "1-0"]
[WhiteElo "2598"]
[BlackElo "2339"]
[Annotator "TA"]
[PlyCount "120"]
[EventDate "2021.04.02"]
[EventType "swiss"]
[EventCountry "SRB"]
[SourceTitle "playchess.com"]
[Source "ChessBase"]
[SourceQuality "1"]

{[%evp 14,120,48,41,47,48,59,47,68,58,66,66,69,56,108,96,103,84,93,73,88,76,93,100,80,100,79,62,222,219,210,214,242,199,175,139,184,185,197,199,175,181,194,199,195,180,183,175,166,150,209,178,175,186,182,183,184,185,348,180,179,190,210,204,251,253,327,335,456,510,506,514,500,488,493,492,522,522,488,591,587,583,791,494,587,550,702,696,654,650,672,639,731,782,750,751,29960,12837,1177,29958,6093,727,5583,4694,29971,29972,29972,29971,11707]} 1. e4 c5 2. Nf3 e6 3. d4 cxd4 4. Nxd4 a6 5. c4 Nf6 6. Nc3 Qc7 7. a3 b6 8. Be3 Bb7 {B41: Sicilian: Kan Variation: 5 c4.} 9. f3 Be7 10. Rc1 d6 {White is slightly better.} 11. Qd2 $5 {[%mdl 4] Leaves trodden paths.} Nbd7 12. Be2 O-O {[#]} 13. g4 $146 ({Predecessor:} 13. O-O Rac8 14. b4 Qb8 15. Rfd1 Rfe8 16. Kh1 Bd8 17. Nb3 Bc7 18. Bf4 d5 19. Bxc7 Rxc7 20. exd5 exd5 21. cxd5 Nxd5 22. Nxd5 Bxd5 23. Qxd5 Rxe2 24. Qd6 Rxc1 25. Qxb8+ Nxb8 26. Nxc1 Re8 27. Kg1 Kf8 28. Kf2 Nc6 29. Ne2 {½-½ (29) Panarin,M (2563)-Poluljahov,A (2511) Sochi 2012}) 13... Ne5 (13... h6 $14) 14. g5 $1 $16 {[%cal Rg5f6]} Nfd7 15. O-O Rfe8 (15... Nxc4 $2 16. Bxc4 Qxc4 17. Nd5 $1 $18 {[%mdl 512]}) 16. f4 Ng6 17. f5 exf5 18. exf5 Nge5 19. Nd5 Qd8 20. f6 Bf8 {Black cannot hold the game after this.} (20... gxf6 $14 21. Nf5 Kh8) 21. fxg7 $18 Bxg7 22. Nf5 Nc5 {intending ...Nb3.} 23. Nxg7 Kxg7 24. Nf6 Re6 25. Qd4 Qc8 26. Qh4 {White threatens Qh6+ and mate.} Rxf6 27. gxf6+ (27. Rxf6 $2 Qc6 $19) 27... Kh8 28. Qg3 $1 {[%csl Gf6][%cal Rg3g7]} Ne6 {next ...Qc6 is good for Black.} 29. Kf2 $1 Qc6 {[#]} 30. Rg1 $1 (30. Ke1 $6 Rg8 $14) 30... Qe4 31. Rcd1 d5 (31... Re8 $16 {is a better defense.}) 32. Qg2 {Strongly threatening Qxe4.} Qh4+ 33. Kf1 Nxc4 {[%cal Rc4e3]} 34. Bf2 Qf4 {[#] Threatens to win with ...Ne3+.} 35. Qg3 Qxf6 $2 (35... Nxb2 {was necessary.} 36. Qxf4 Nxf4) 36. Qf3 (36. Qh4 $142 Qxh4 37. Bxh4 Ne3+ 38. Ke1) 36... Qxf3 37. Bxf3 h6 {[#]} 38. Rd4 $1 {[%mdl 512]} Ne5 {[#]} ({But not} 38... Nxd4 $2 39. Bxd4+ Kh7 40. Rg7+ Kh8 41. Rxf7+ Kg8 42. Rg7+ Kf8 43. Rxb7 $18) (38... b5 39. b3) 39. Rh4 $1 $40 {[%cal Rh4h6][%mdl 192] Discovered Attack. White wants a kill.} Kh7 {[#]} (39... Ng6 40. Rxh6+) 40. Be3 $1 {[%csl Ge3][%cal Rh4h6]} Ng5 (40... Ng6 41. Rxh6+) 41. Bxg5 Nxf3 42. Rxh6+ {[%mdl 64] Double Attack} Kg7 43. Rg3 Nxg5 44. Rxb6 f6 45. h4 {[%mdl 64] Pin} Ra7 46. hxg5 fxg5 47. Rxg5+ {[%mdl 4096] Endgame KRR-KRB} Kf8 48. Rh5 {Rh7! is the strong threat.} a5 49. Ke1 {Hoping for Rh7!} Ba6 50. Rxd5 Bc4 51. Rc5 Bf7 52. Kd2 a4 53. Kc3 Re7 54. Rb4 Bb3 55. Rf5+ Kg7 56. Rg4+ Kh6 57. Rf2 (57. Rf8 $142 Kh7 58. Rf3) 57... Rc7+ 58. Kb4 {[%cal Rf2h2]} Kh5 59. Rg1 {[%cal Rf2h2]} Rc4+ 60. Kb5 Rh4 {Weighted Error Value: White=0.16/Black=0.48} 1-0